Mort subite. Morts avant d'avoir 20 ans... - Statistiques

Statistiques générales
  • Ce quiz a été pris 177 fois
  • Le résultat moyen est 1 sur 7
Answers on the Grid
Answers color-coded by a green-red scale on the quiz's grid according to % correct below.
Guy Môquet
Evariste Galois
Eddie Cochran
Napoléon II
Ritchie Valens
Billy the Kid
Edouard VI d'Angleterre
Georges Guynemer
Buddy Holly
Pocahontas
Louis XVII de France
Charles IX de France
Grégory Lemarchal
Charlotte Corday
Jane Grey
Thérèse de Lisieux
James Dean
Françoise Dorléac
Anne Frank
Pauline Lafont
Hélène Boucher
Otis Redding
François II de France
Louis X de France
 
Statistiques - réponses
Réponse % Correct
15 ans Anne Frank
54%
17 ans Guy Môquet
46%
10 ans Louis XVII de France
23%
17 ans Jane Grey
6%
17 ans Ritchie Valens
6%
15 ans Edouard VI d'Angleterre
3%
16 ans François II de France
3%
Aucun quiz correspondant
Distribution des résultats
% des personnes avec chaque résultat
Percentile par nombre de réponses
Votre historique - résultats
Vous n’avez pas pris ce quiz